Ciudades más pobladas en África - Estadísticas

Estadísticas generales
  • Esta prueba ha sido intentada 3.579 veces
  • La puntuación promedio es 12 de 20
Estadísticas de respuestas
Población Ciudad % Correcto
23,2 M El Cairo
97%
15,1 M Johannesburgo / Pretoria
90%
5,20 M Ciudad del Cabo
82%
4,40 M Argel
81%
21,9 M Lagos
80%
7,15 M Nairobi
79%
4,50 M Casablanca
73%
16,9 M Kinsasa
73%
4,95 M Adís Abeba
69%
4,38 M Dakar
69%
10,4 M Luanda
62%
6,35 M Alejandría
58%
7,40 M Jartum
58%
7,05 M Acra
52%
5,35 M Kampala
42%
6,90 M Dar es Salam
41%
4,00 M Conakri
27%
7,30 M Abiyán
24%
5,55 M Kano
19%
5,95 M Bamako
18%
No se encontraron pruebas coincidentes
Distribución de puntuación
Porcentaje de gente con cada puntuación
Porcentaje por número respondido
Historial de tus puntuaciones
No has intentado esta prueba.